Managing Human Resources. (Record no. 347001)

000 -LEADER
fixed length control field 00638 a2200241 4500
003 - CONTROL NUMBER IDENTIFIER
control field OSt
005 - DATE AND TIME OF LATEST TRANSACTION
control field 20180116182834.0
008 - FIXED-LENGTH DATA ELEMENTS--GENERAL INFORMATION
fixed length control field 160819b xxu||||| |||| 00| 0 eng d
020 ## - INTERNATIONAL STANDARD BOOK NUMBER
International Standard Book Number 8120321111
040 ## - CATALOGING SOURCE
Transcribing agency 0
050 ## - LIBRARY OF CONGRESS CALL NUMBER
Classification number 658.3
082 ## - DEWEY DECIMAL CLASSIFICATION NUMBER
Classification number 658.3 MEJ 2003
100 ## - MAIN ENTRY--PERSONAL NAME
Personal name Luis R.Gomez-Mejia
245 ## - TITLE STATEMENT
Title Managing Human Resources.
Statement of responsibility, etc. Luis R.Gomez-Mejia
250 ## - EDITION STATEMENT
Edition statement 3rd
260 ## - PUBLICATION, DISTRIBUTION, ETC.
Place of publication, distribution, etc. New Delhi
Name of publisher, distributor, etc. Prentice Hall of India.
Date of publication, distribution, etc. 2003
300 ## - PHYSICAL DESCRIPTION
Extent 621p.
Other physical details PB
440 ## - SERIES STATEMENT/ADDED ENTRY--TITLE
Title Managing Human Resources.
500 ## - GENERAL NOTE
General note Paper Cover
600 ## - SUBJECT ADDED ENTRY--PERSONAL NAME
Personal name Luis R.Gomez-Mejia
700 ## - ADDED ENTRY--PERSONAL NAME
Personal name Luis R.Gomez-Mejia
942 ## - ADDED ENTRY ELEMENTS (KOHA)
Institution code [OBSOLETE] NBS
Koha item type Book
Call number prefix 658.3 MEJ 2001
Source of classification or shelving scheme
Holdings
Withdrawn status Lost status Damaged status Not for loan Permanent Location Current Location Date acquired Total Checkouts Full call number Barcode Date last seen Date last checked out Price effective from Koha item type
        Central Library (CL) Central Library (CL) 08/28/2013 2 658.3 MEJ NBS6104 09/01/2016 03/27/2014 08/28/2013 Book
© 2023 Central Library, National University of Sciences and Technology. All Rights Reserved.